000 00890nam a2200253Ia 4500
003 OSt
005 20220923222203.0
006 a|||||r|||| 00| 0
007 ta
008 220922b |||||||| |||| 00| 0 hin d
024 _a203,665
037 _cTextual
040 _aARTS
_cARTS
_bhin
041 _2hin
_ahin
082 _aO157,3NGA3,1, 152M4
100 _aगंगोपाध्याय, रणजीत; गुप्त, छेदीलाल, अनु.
_9165766
245 0 _aबदलते रंग
246 _aBadalate ranga
260 _aकलकत्ता
_c1984
300 _a168पृ.
_ccm.
650 _aबंगाली साहित्य
_9156264
942 _hO157,3NGA3,1, 152M4
_cTEXL
_2CC
999 _c354417
_d354417